Quizzes
Events
Quiz Creation
Community
Videos
Private Events
Remove Ads
Sign In
Join for FREE
Feedback
Dark Mode
Quiz Categories
Sports
Geography
Music
Movies
Television
Just For Fun
Miscellaneous
History
Literature
Language
Science
Gaming
Entertainment
Religion
Holiday
For Kids
Quiz Lab
Recent
Popular Today
Quiz Kudos Today
Editor Picks
Curator Picks
Quizzes by...
Day
Popularity
Type
Ratings
Length
Year
Community
Subscriptions
Recent Discussions
Orange Saloon
Badges
Playlists
Quests
Create
Leaderboards
Showdown
Live 5
Trivia Bingo
Activity
Puzzle Library
Sporcle Events
Private Events
Virtual Trivia
Globe League
Become a Host
Pub Owners
SporcleCon
Opinionation
Our Games
Videos
Blog
Mobile Apps
Partnerships
Remove Ads and Go Orange
Feedback
Miscellaneous
Crossword
General Knowledge
Baby Names
Logo
Food
Cars
Numbers
Grab Bag
University
College
Popular
Company
Slogans
Restaurants
Justice
Letter
Miscellaneous
Crossword
General Knowledge
Baby Names
Logo
Food
Cars
Numbers
Grab Bag
University
College
Popular
Company
Slogans
Restaurants
Justice
Letter
Random Quiz
Search Sporcle
×
Quiz Lab
Quiz Lab
Miscellaneous
Country
Type in answers that appear in a list
Type in answers that appear in a list
Classic
Best Score? Go Orange.
Country from Last Names Stats
Can you name the country from the most common last names?
By
jaycee4141
5m
20 Questions
612 Plays
612 Plays
612 Plays
Comments
Comments
Give Quiz Kudos
Give Quiz Kudos
-
- Ratings
hide this ad
Replay
Link that replays current quiz
Next Quiz
Link to next quiz in quiz playlist
You Got
0%
They Got
Avg Score
80%
Avg Friend Score
Upgrade to see
Score Distribution
Jump to the score distribution portion of the page
Score
0/20
Timer
05:00
0
Plays Today
Surname
Country
% Correct
Wáng
Lǐ
Zhāng
China
99.5%
Satō
Suzuki
Takahashi
Japan
99%
García
Fernández
González
Spain
96.9%
Müller
Schmidt
Schneider
Germany
96.6%
Smith
Johnson
Williams
United States
95.6%
김 (金; Kim, Gim, Ghim)
이 (李; Lee, Yi, I, Rhee)
박 (朴; Park, Pak, Bak, Bhak)
Korea
95.3%
Smirnov
Ivanov
Kuznetsov
Russia
94.4%
Rossi
Russo
Ferrari
Italy
93.6%
Murphy
Kelly
O'Sullivan
Ireland
93.5%
Smith
Jones
Taylor
United Kingdom
93.3%
Surname
Country
% Correct
Johansson
Andersson
Karlsson
Sweden
89.9%
Martin
Bernard
Dubois
France
89.7%
Papadopoulos/
ou
Pappas/
a
Avramidis
Greece
85.6%
Nguyễn 阮
Trần 陳
Lê 黎
Vietnam
78.1%
Cohen כהן
Levi (Levy) לוי
Mizrachi מזרחי
Israel
77.7%
Gruber
Huber
Rosenberg
Austria
66%
Novák
Svoboda
Novotný
Czech Republic
50.4%
Peeters
Janssens
Maes
Belgium
50.2%
Jiménez
Mora
Rodríguez
Costa Rica
35.7%
Santos
Reyes
Cruz
Philippines
28.3%
Quiz Playlist
Details
Report
Send in Message
Add To Playlist
Classic:
Type in answers that appear in a list
Quiz Source
Last Updated: Feb 16, 2017
Quiz Scoreboard
CHALLENGE
Sign Up to Join the Scoreboard
Show All
Scores
Hide
Comments
May contain spoilers
Recently Published
TV Characters by Other Roles V
by ghcgh
Television
5m
Decade Duel: World Leaders
by jenniferyan
History
4m
Alphabetical 'K' Countries by Flag Minefield
by ylime102
Geography
3m
More to Explore
Quiz From the Vault
Featured Blog Post
15 Basketball Trivia Facts You Can Be March Mad About
hide this ad
You Might Also Like...
Tags
Country Quiz
common
last
Surname
Today's Top Quizzes in Miscellaneous
Browse Miscellaneous
hide this ad
Today's Top Quizzes in Country
Browse Country
Top Contributed Quizzes in Miscellaneous
1
The JOE quick-fire general knowledge quiz: Day 166
2
Spring Months consonants
3
The JOE quick-fire general knowledge quiz: Day 165
4
Pick 6: Supreme Pizza
5
Pick 6: Vegetables
6
Four Seasons
7
Pick 6: University Mascots
8
Guess the 'S' Things in 3 Words
9
The JOE quick-fire general knowledge quiz: Day 164
10
Sporcle Acrostic Puzzle XXXV
Explore More
Trending Topics
Disney
Crossword
Kpop
Harry Potter
NBA
Anime
Marvel
NFL
WWE
Puzzle
Song
Country
Soccer
Pokémon
The Office
hide this ad
More By:
jaycee4141
Quiz
Plays
Rating
Category
Featured
Created
Disney Channel Original Movies
12,851
3.95
Movies
Sep 27, 2009
Songs translated by Joseph Ducreux
749
2.75
Music
Oct 17, 2011
Musicals from Songs
639
4.33
Music
Sep 27, 2009
Country from Last Names
612
3.88
Miscellaneous
Sep 28, 2009
Go to Creator's Profile
Score Distribution
Quiz Creator Spotlight
jaycee4141
Follow
Send a Message
Quizzes Created
-
Created Quiz Play Count
-
More By This Creator
Popular Quizzes Today
1
Countries of Asia Without Outlines Minefield
2
Find the US States - No Outlines Minefield
3
Pick 6: Fruits
4
The Countries of the World
5
Find the Countries of Europe - No Outlines Minefield
6
Alphabetical 'K' Countries by Flag Minefield
7
US States
8
Find the US States
More Miscellaneous Quizzes
Guess Two, Get One Free
Published
Trending Quizzes
Pick 6: Mountains
Pick 6: Harry Potter
Pick 6: NFL Teams
Pick 6: Flags
C Names for Actors
Recently Updated
Adaptations: Name the Title
pecheneg
NWSL Teams
pecheneg
Women's Final Four Teams by Year
bhenderson79
Presidents Quartet II
eogle
Anything But Clue(do)
eogle
Anything But Oceanian Capitals
eogle
Anything But 7
eogle
Anything But Thing
eogle
Word Ladder: February 29
pecheneg
Song Title Questions
pecheneg
Trending Topics
Kpop
Marvel
Harry Potter
NBA
Crossword
Disney
Anime
Country
WWE
The Office
NFL
Puzzle
Song
Soccer
Pokémon
Your Account Isn't Verified!
In order to create a playlist on Sporcle, you need to verify the email address you used during registration. Go to your
Sporcle Settings
to finish the process.
Report this User
Report this user for behavior that violates our
Community Guidelines
.
Details:
Send Report
Go to the Sporcle.com Mobile Site →
Comments